| 000 | 02842ngm a22003017a 4500 | ||
|---|---|---|---|
| 005 | 20160714091105.0 | ||
| 008 | 160714t20062008mx 097|b |||| s0| v ara d | ||
| 020 | 4 | _a9707332296 | |
| 028 | 4 | _a789707332294 | |
| 050 | 0 | 0 |
_aPN1995.9. _bC65 2008 |
| 245 | 0 | 3 |
_aEl color de los olivos _bUna historia de la vida cotidiana en Palestina _cdirectora Carolina Rivas ; producida por Daoud Sarhandi. _h[videograbación] |
| 260 |
_aMéxico : _bEnsenada Films, _c2008 |
||
| 300 |
_a1 videodisco (97 min.) _bsonido, color _c4 3/4 plg. |
||
| 508 | _a Asistente de direccioÌn Miriam Dalu ; Online Ricardo Garfias y Daoud Sarhandi ; incidentales Francisco Bribiesca ; audio post de incidentales Juan Amezaga ; sonido, disenÌo sonoro, fotografiÌa y edicioÌn por Daoud Sarhandi ; disenÌo sonoro adicional y mezcla stereo Jacobo MartiÌnez. | ||
| 511 | 0 | _aFamilia Amer: Hani, Monira, Nidal, Hisham, Asia, Ishak, Maisa y Shaddad. | |
| 520 | _aComo muchas familias palestinas, los Amers viven rodeados por el infame muro en Cisjordania. Su vida cotidiana está dominada por puertas electrificadas, candados y la presencia constante de soldados. A través de una lente sensible, descubrimos el mundo privado de ocho miembros de la familia. En el transcurrir de sus días se revelan sus luchas constantes y los pequeños detalles de su vida: incluyendo árboles de olivo, dos burros pequeños y las amistades de la escuela. El contacto cotidiano con todos estos elementos nos revelan un mundo desconocido del pueblo palestino. La historia de la familia Amer constituye un punto de partida para hacer una compleja reflexión sobre los efectos de la segregación racial, las fronteras y lo absurdo de la guerra. | ||
| 530 | _aClasificacioÌn B-15. | ||
| 538 | _aDVD ; regioÌn 1 y 4 ; widescreen ; Dolby digital stereo 2.0. | ||
| 546 | _aÁrabe, con subtítulos en español, inglés y francés. | ||
| 586 | _a Ganadora Valor en la filmacioÌn Women Film Critics por Circle Awards, 2006 en E.U.A. ; ganadora a la mejor direccioÌn por Golden Monbar, 2007 en Rusia ; ganadora en la realizacioÌn artistica por Big Sky, 2007 E.U.A. ; mencioÌn especial por DocuÌpolis, 2006 en EspanÌa ; mencioÌn especial, contra el silencio todas las voces, 2008 en MeÌxico ; mencioÌn especial por cine del pobre, 2008 en Cuba ; seleccioÌn oficial en Dubai Festival Internacional de cine, 2006, JerusaleÌn Festival Internacional de Cine 2007, Taipei Festival Internacional de Cine, 2008 y maÌs de 70 festivales. | ||
| 651 |
_aÁrabes palestinos - Condiciones sociales. _xfamilias musulmanas - Cisjordania. |
||
| 700 | 1 |
_aRivas, Carolina _edirectora |
|
| 700 | 1 |
_aSarhandi, Daoud _eproductor |
|
| 710 | 2 | _a Cinema Films | |
| 710 | 2 | _aPrimavera Kin (Firm) | |
| 710 | 2 | _aCreadores contemporáneos | |
| 942 |
_2lcc _cPEL |
||
| 999 |
_c118317 _d118317 |
||